000 00867nam a2200229 a 4500
001 47717
003 BD-RjUL
005 20211209054358.0
008 160810r20081987bg ||||| |||| 00| 0 ben d
020 _a9840747274
035 _a(BD-RjUL)47836
040 _aBD-RjUL
_beng
_cBD-RjUL
041 _aeng
082 _223
_a891.4409
_bSYN 2008
100 _aসৈয়দ, আবদুল মান্নান
_9118059
245 _aনজরুল ইসলাম :
_bকালজ কালোত্তর /
_cআবদুল মান্নান সৈয়দ.
260 _aঢাকা :
_bবাংলা একাডেমী,
_c2008.
300 _a146p.
_c22 cm
650 _aবাংলা সাহিত্য
_xইতিহাস ও সমালোচনা
_9144943
650 _aBengali liturature
_xHistory & criticism
_9144944
942 _2ddc
_cBK
_03
999 _c47717
_d47717